Building Modern Web Applicatins with Jakarta EE,NoSQL Databases and Microservices (Record no. 12462)

MARC details
000 -LEADER
fixed length control field 00511nam a22001817a 4500
003 - CONTROL NUMBER IDENTIFIER
control field OSt
008 - FIXED-LENGTH DATA ELEMENTS--GENERAL INFORMATION
fixed length control field 240412b |||||||| |||| 00| 0 eng d
020 ## - INTERNATIONAL STANDARD BOOK NUMBER
International Standard Book Number 9789389423341
082 ## - DEWEY DECIMAL CLASSIFICATION NUMBER
Classification number 006.7 BRB
100 ## - MAIN ENTRY--PERSONAL NAME
Personal name BRAVO,Aristides Villarreal
245 ## - TITLE STATEMENT
Title Building Modern Web Applicatins with Jakarta EE,NoSQL Databases and Microservices
250 ## - EDITION STATEMENT
Edition statement 1st Ed
260 ## - PUBLICATION, DISTRIBUTION, ETC. (IMPRINT)
Place of publication, distribution, etc New Delhi
Name of publisher, distributor, etc BPB
Date of publication, distribution, etc 2023
300 ## - PHYSICAL DESCRIPTION
Extent 368
700 ## - ADDED ENTRY--PERSONAL NAME
Personal name GONZALEZ,Geovanny Mendoza
700 ## - ADDED ENTRY--PERSONAL NAME
Personal name SANTANA,Otavio Goncalves De
942 ## - ADDED ENTRY ELEMENTS (KOHA)
Source of classification or shelving scheme Dewey Decimal Classification
Koha item type Text Books
Holdings
Withdrawn status Lost status Source of classification or shelving scheme Damaged status Not for loan Collection code Home library Current library Date acquired Source of acquisition Currency Cost, normal purchase price Bill Number Total Checkouts Full call number Acc. no. / Barcode Date last seen Actual Cost, discounted price Bill Date Koha item type
    Dewey Decimal Classification     Computer Science and Engineering in AI & Machine Learning PIET C-LIBRARY PIET C-LIBRARY 23/03/2024 Zafaa Books and Distributors In rupees 849.00 ZBD0453   006.7 BRB 35901 12/04/2024 618.77 23/03/2024 Reference Books
    Dewey Decimal Classification     Computer Science and Engineering in AI & Machine Learning PIET C-LIBRARY PIET C-LIBRARY 23/03/2024 Zafaa Books and Distributors In rupees 849.00 ZBD0453   006.7 BRB 35902 12/04/2024 618.77 23/03/2024 Text Books

Design & Developed by: PIET Central Library
R70 Miles Stone Pattikalyana Samalkha Panipat 132102
mail ID :- [email protected], Phone No:- 0180-2569700 Ex.216